Význam logistických centier

Charakteristika logistických centier a ich význam. Hlavné a vedľajšie funkcie logistických centier. Logistické systémy. Požiadavky na logistické centrá.

Na minha lista:
Detalhes bibliográficos
Autor principal: Boorová, Brigita, 1979-
Outros Autores: Abrmanová, Petra
Formato: Capítulo de Livro
Idioma:eslovaco
Assuntos:
Tags: Adicionar Tag
Sem tags, seja o primeiro a adicionar uma tag!

MARC

LEADER 00000nla$a2200000$$$4500
001 0142234
005 20240502072540.9
041 0 |a slo 
044 |a SK 
245 1 0 |a Význam logistických centier  |c Brigita Boorová, Petra Abrmanová 
520 |a Charakteristika logistických centier a ich význam. Hlavné a vedľajšie funkcie logistických centier. Logistické systémy. Požiadavky na logistické centrá. 
610 2 0 |a logistika 
610 2 0 |a reťazce dodávateľsko-odberateľské 
610 2 0 |a skladovanie 
610 2 0 |a zásobovanie 
610 2 0 |a distribúcia 
610 2 0 |a doprava 
610 2 0 |a služby logistické 
610 2 0 |a centrá logistické 
100 1 |a Boorová, Brigita, 1979- 
700 1 |a Abrmanová, Petra